Normal view
MARC view
Entry Personal Name
001 - CONTROL NUMBER
- control field: 50795
003 - CONTROL NUMBER IDENTIFIER
- control field: dpl
005 - DATE AND TIME OF LATEST TRANSACTION
- control field: 20120806122024.0
008 - FIXED-LENGTH DATA ELEMENTS
- fixed length control field: 120806|||a|||||| | ||| d
040 ## - CATALOGING SOURCE
- Original cataloging agency: dpl
- Transcribing agency: dpl
100 ## - HEADING--PERSONAL NAME
- Personal name: Moorthy, P.
670 ## - SOURCE DATA FOUND
- Source citation: Work cat.: (dpl): Moorthy, P., Challenges of the twenty-first century /, 2010
670 ## - SOURCE DATA FOUND
- Source citation: Work cat.: (dpl): Moorthy, P., Challenges of the twenty-first century /, 2010
